| 000 | 00383nam a2200097Ia 4500 | ||
|---|---|---|---|
| 008 | 180130s9999 xx 000 0 und d | ||
| 245 |
_cRashid, Tayyab; Ostermann, Robert F. _aPositive psychotherapy: strength-based assessment in clinical practice |
||
| 260 | _c2014 | ||
| 300 | _aBook title: Case studies in psychotherapy--Acession number C19075; pages 193-203 | ||
| 650 | _aPSYCHOTHERAPY | ||
| 999 |
_c353937 _d353937 |
||